ბათუმის შოთა რუსთაველის სახელმწიფო უნივერსიტეტის ბიბლიოთეკა

Методы вычислений.Том 1. (ბიბ.ჩანაწერი № 37898)

000 -LEADER
fixed length control field 00595nam a2200217Ia 4500
001 - CONTROL NUMBER
control field 3876
003 - CONTROL NUMBER IDENTIFIER
control field GE_BSU
008 - FIXED-LENGTH DATA ELEMENTS--GENERAL INFORMATION
fixed length control field 181216s||||||||xx |||||||||||||| ||und||
040 ## - CATALOGING SOURCE
Transcribing agency GE_BSU
080 ## - UNIVERSAL DECIMAL CLASSIFICATION NUMBER
Universal Decimal Classification number 519.6(075.8)
100 ## - MAIN ENTRY--PERSONAL NAME
Personal name Березин,И.С. Жидков,Н.П.
245 ## - TITLE STATEMENT
Title Методы вычислений.Том 1.
245 ## - TITLE STATEMENT
Remainder of title Учебн. пособ.
245 ## - TITLE STATEMENT
Statement of responsibility, etc. Ред.Б.М.Будак, А.Д.Горбунов
250 ## - EDITION STATEMENT
Edition statement изд. 2-е.
260 ## - PUBLICATION, DISTRIBUTION, ETC.
Place of publication, distribution, etc. М.
260 ## - PUBLICATION, DISTRIBUTION, ETC.
Date of publication, distribution, etc. 1962.
300 ## - PHYSICAL DESCRIPTION
Extent 463стр.22см.
653 ## - INDEX TERM--UNCONTROLLED
Uncontrolled term Методы вычислений.
942 ## - ADDED ENTRY ELEMENTS (KOHA)
Koha item type წიგნი
ეგზემპლარები
Withdrawn status Lost status Damaged status Not for loan Date acquired Barcode Date last seen Price effective from Koha item type
        2018-12-17 9049 2018-12-17 2018-12-17 წიგნი